Statistics for Top 10 Zinc-Producing Countries

Click here to take the quiz!

General Stats

  • This quiz has been taken 48 times
  • The average score is 8 of 10

Answer Stats

Production (tonnes)Country% Correct
736 000United States
98%
698 901Canada
95%
3 100 000China
95%
1 290 000Australia
90%
695 000India
90%
390 000Mexico
88%
1 509 129Peru
71%
480 000Kazakhstan
69%
421 721Bolivia
55%
385 670Ireland
29%

Score Distribution

Percentile by Number Answered

Percent of People with Each Score

Your Score History

You have not taken this quiz